Un cadáver y su enigma

Salvato in:
Dettagli Bibliografici
Autore principale: Gardner, Erle Stanley (Autore)
Natura: Libro
Lingua:spagnolo
Pubblicazione: Buenos Aires Jackson 1953
Soggetti:
Tags: Aggiungi Tag
Nessun Tag, puoi essere il primo ad aggiungerne!!

MARC

LEADER 00000nam a2200000 a 4500
001 UCQ6912
003 CL-VaPUC
008 981023e19530000AG |||||||||||||||||spa|d
082 0 4 |a 823  |b GAR  |2 21 
100 |a Gardner, Erle Stanley  |e author  |9 420838 
245 1 3 |a Un cadáver y su enigma 
300 |a 166 p 
942 |c BK 
945 |d 19981023 00:00:00  |a crobeson 
260 |a Buenos Aires  |b Jackson  |c 1953 
650 0 |a Novelas inglesas  |9 265220 
650 0 |a Literatura inglesa  |9 312907 
583 |a last modification  |c 19981023 00:00:00  |k Rodrigo Vera 
999 |c 276809  |d 276807 
952 |0 0  |1 0  |4 0  |6 823_000000000000000_GAR_1953  |7 0  |8 A  |9 314290  |a BIBEDU  |b BIBEDU  |d 2019-11-20  |i 1486241  |o 823 GAR 1953  |p 1486241  |r 2019-11-20  |w 2019-11-20  |y BK  |k LIT